000 00383nam a2200145Ia 4500
005 20251222152701.0
008 251222s9999||||xx |||||||||||||| ||spa||
020 _a9972890392
082 _a985.0612/O74/Ej.2
100 _aOrtiz Sotelo, Jorge
245 0 _aMiguel Grau, el Hombre y el Mar
250 _a1ra.ed.
264 _bFondo Editorial del Congreso del PerĂº
942 _cLIB
999 _c28818
_d28818